Siyaset ve Gençlik Buluşmaları (Record no. 2877)

MARC details
000 -BAŞLIK
Sabit Uzunlukta Kontrol Alanı 01245na a2200361 4500
001 - KONTROL NUMARASI
Denetim Alanı 22688
003 - KONTROL NUMARASI IDENTIFIER
Denetim Alanı MIRAKIL
005 - SON İŞLEM TARİHİ VE ZAMANI
Denetim Alanı 20181213154912.0
008 - SABİT-BOY VERİ ELEMANLARI - GENEL BİLGİLER
Sabit Uzunlukta Kontrol Alanı 170223b tu 000 0
040 ## - KATALOGLAMA KAYNAK
Orijinal Kataloglama Ajansı Milas
Kataloglama Dili tur
Metne Dönüştürmek Ajansı TR-AnCHP
041 ## - DİL KODU
Metin / Ses Parça Veya Ayrı Başlığın Dil Kodu tur
082 ## - DEWEY ONLU SINIFLANDIRMA NUMARASI
Sınıflandırma Numarası CHP 320.0835
Ürün Numarası S59 2010
090 ## - SINIFLAMA NUMARASI
Sınıflama Numarası CHP 320.0835 S59 2010
091 ## - MICROFILM RAF YER (AM) [OBSOLETE]
Mikrofilm Raf Yeri GENÇLİK 5
222 ## - ANAHTAR ADI
Anahtar Başlık Gençlik raporları
245 ## - BAŞLIK TABLOSU
Başlık Siyaset ve Gençlik Buluşmaları
Başlığın Kalan Kemal Kılıçdaroğlu, Cumhuriyet Halk Partisi
Sorumluluk Tablosu, Vb yayına hazırlayanlar Hakan Mehmet Kiriş, Alper Tütünsatar, Ayşen Peker ; fotoğraflar Soner Arık
260 ## - YAYIN, DAĞITIM, VB
Yayın, Dağıtım, Vb Yeri Isparta
Yayıncı, Dağıtıcı, Vs Adı Süleyman Demirel Üniversitesi
Yayın, Dağıtım, Vb Tarihi 2010
300 ## - FİZİKSEL TANIM
Kapsam 63 s.
Boyutlar 20 sm.
440 ## - SERİSİ TABLOSU / KATMA GİRİŞİ - BAŞLIK
Başlık Politika Tasarım Grubu
490 ## - SERİSİ TABLOSU
Seri Beyanı Siyaset ve gençlik buluşmaları
Hacim / Ardışık Tanımı 1
600 ## - KONU KATMA GİRİŞ - KURUMSAL ADI
Kişisel Ad Kılıçdaroğlu, Kemal
Genel Alt Bölümü Konuşmalar, 2010
Kronolojik Alt Bölümü Gençlik
610 ## - KONU KATMA GİRİŞ - TOPLANTI ADI
Giriş Elemanı Olarak Kurumsal Ad Veya Yargı Alanı Adı CHP
Genel Alt Bölüm Gençlik
Kronolojik Alt Bölüm Raporlar
610 ## - KONU KATMA GİRİŞ - TOPLANTI ADI
Giriş Elemanı Olarak Kurumsal Ad Veya Yargı Alanı Adı CHP
Genel Alt Bölüm Programlar
Kronolojik Alt Bölüm Gençlik
650 ## - KONU KATMA GİRİŞ - TOPİKAL DÖNEM
Topikal Süreli Veya Coğrafi Ad Giriş Elemanı Gençlik ve siyaset
Coğrafi Alt Bölümü Türkiye
650 ## - KONU KATMA GİRİŞ - TOPİKAL DÖNEM
Topikal Süreli Veya Coğrafi Ad Giriş Elemanı Gençlik
Genel Alt Bölümü Siyasal etkinlik
Coğrafi Alt Bölümü Türkiye
651 ## - KONU KATMA GİRİŞ - COĞRAFİ ADI
Coğrafi İsim Türkiye
Genel Alt Bölümü Gençlik politikaları
700 ## - KATMA GİRİŞ - KİŞİSEL İSİM
Kişisel Ad Kiriş, Hakan Mehmet
700 ## - KATMA GİRİŞ - KİŞİSEL İSİM
Kişisel Ad Tütünsatar, Alper
700 ## - KATMA GİRİŞ - KİŞİSEL İSİM
Kişisel Ad Peker, Ayşen
700 ## - KATMA GİRİŞ - KİŞİSEL İSİM
Kişisel Ad Arık, Soner
942 ## - EKLENDİ GİRİŞ ELEMANLARI (KOHA)
Sınıflandırma Veya Raf Düzeni Kaynak Dewey Decimal Classification
Koha Öğesi Türü Books
999 ## - SİSTEM KONTROL NUMARALARI (KOHA)
Koha Biblionumber 2877
Koha Biblioitemnumber 2877
Holdings
Kullanım Kısıtlamaları Kalıcı Konum Mevcut Konum Edinme Tarihi Edinim Kaynak Toplam Check-Out'Lar Tam Çağrı Numarası Barkod Tarih Son Görülme İtibaren Geçerli Fiyatlar Koha Öğesi Türü
Kütüphane dışına çıkarılamaz CHP Kütüphanesi CHP Kütüphanesi 02/23/2017 Bağış   CHP 320.0835 S59 2010 016292 02/23/2017 02/23/2017 Books